| 000 | 00529nam a22001457a 4500 | ||
|---|---|---|---|
| 020 | _a0-340-54893-2 | ||
| 082 |
_a823 _bBLY/F |
||
| 100 | _aENID BLYTON | ||
| 245 |
_aTHE FAMOUS FIVE _bFIVE GO TO DEMON'S ROCKS |
||
| 260 |
_aGREAT BRITAIN _bHODDER CHILDRENS BOOK |
||
| 300 | _a151 | ||
| 520 | _aIS THERE ANY TREASURE ON DEMON'S ROCKS? OR IS IT JUST A MYTH? THE FAMOUS FIVE DECIDE TO EXPLORE THE SURROUNDING CAVES. THEN THEY FIND A GOLD COIN - AND THE MYTH BECOMES ALL TOO REAL... | ||
| 650 |
_aADVENTURE _zUNITED KINGDOM |
||
| 942 | _cBK | ||
| 999 |
_c210 _d210 |
||